Normal view
MARC view
Entry Término temático
001 - NÚMERO DE CONTROL
- campo de control: 28459
003 - IDENTIFICADOR DEL NÚMERO DE CONTROL
- campo de control: FranzMayer
005 - FECHA Y HORA DE LA ÚLTIMA TRANSACCIÓN
- campo de control: 20220718155620.0
008 - DATOS DE LONGITUD FIJA
- campo de control de longitud fija: 220718|| aca||aabn | a|a d
040 ## - FUENTE DE LA CATALOGACIÓN
- Centro catalogador/agencia de origen: FranzMayer
- Centro/agencia transcriptor: FranzMayer
150 ## - ENCABEZAMIENTO--TÉRMINO DE MATERIA
- Término de materia o nombre geográfico como elemento de entrada: Diseño
- Subdivisión general: Arte
- Subdivisión general: Historia
- Subdivisión de forma: Revistas
670 ## - FUENTE DE DATOS ENCONTRADOS
- Cita de la fuente: Work cat.: (FranzMayer)10825: Bauhaus Ausgabe 7 Kollektiv = Bauhaus Issue 7 Collective, 2015